Learning Resource and Development

Housing and the city / (Record no. 29972)

MARC details
000 -LEADER
fixed length control field 04944cam a22004578i 4500
001 - CONTROL NUMBER
control field 22419041
003 - CONTROL NUMBER IDENTIFIER
control field CSPC
005 - DATE AND TIME OF LATEST TRANSACTION
control field 20250811165403.0
008 - FIXED-LENGTH DATA ELEMENTS--GENERAL INFORMATION
fixed length control field 220210s2022 enk b 001 0 eng
010 ## - LIBRARY OF CONGRESS CONTROL NUMBER
LC control number 2021057905
020 ## - INTERNATIONAL STANDARD BOOK NUMBER
International Standard Book Number 9781032156583
Qualifying information (paperback)
035 ## - SYSTEM CONTROL NUMBER
System control number 22419041
040 ## - CATALOGING SOURCE
Original cataloging agency DLC
Language of cataloging eng
Description conventions rda
Transcribing agency DLC
Modifying agency CSPC
042 ## - AUTHENTICATION CODE
Authentication code pcc
050 00 - LIBRARY OF CONGRESS CALL NUMBER
Classification number HD1390.5
Item number .H668 2022
082 00 - DEWEY DECIMAL CLASSIFICATION NUMBER
Classification number 333.338
Item number H817
Edition number 23/eng/20220210
245 00 - TITLE STATEMENT
Title Housing and the city /
Statement of responsibility, etc. edited by Katharina Borsi, [and 3 others].
263 ## - PROJECTED PUBLICATION DATE
Projected publication date 2206
264 #1 - PRODUCTION, PUBLICATION, DISTRIBUTION, MANUFACTURE, AND COPYRIGHT NOTICE
Place of production, publication, distribution, manufacture Abingdon, Oxon ;
-- New York, NY :
Name of producer, publisher, distributor, manufacturer Routledge,
Date of production, publication, distribution, manufacture, or copyright notice 2022.
300 ## - PHYSICAL DESCRIPTION
Extent xiv, 286 pages :
Other physical details illustrations ;
Dimensions 25 cm.
336 ## - CONTENT TYPE
Content type term text
Content type code txt
Source rdacontent
337 ## - MEDIA TYPE
Media type term unmediated
Media type code n
Source rdamedia
338 ## - CARRIER TYPE
Carrier type term volume
Carrier type code nc
Source rdacarrier
490 0# - SERIES STATEMENT
Series statement Critiques: critical studies in architectural humanities
504 ## - BIBLIOGRAPHY, ETC. NOTE
Bibliography, etc. note Includes bibliographical references and index.
505 0# - FORMATTED CONTENTS NOTE
Formatted contents note Part 1. The modern housing project in an international context -- Introduction to part 1: the modern housing in an international context -- Section 1.1 Formations -- Language logics: housing in translation -- Health, tuberculosis, and the city: strategies to approach the dwelling hygiene of Berlin, 1882-1914 -- The concept of type in Hellerau Garden City -- The logic of the norm: LCC urban housing during the interwar period -- Section 1.2 Modernism and ideology -- How can space be ideological? Communal housing projects in Vienna -- From the cell to the territory: the 'disurbanist' project of the OSA group -- Revolution begins at home: new housing typologies and collectivisation of life in post-WWII Tehran -- Kiryat Meir, the first middle-class cooperative housing complex in Tel Aviv -- Section 1.3 Housing and the city in the welfare state -- Type and the collective space of the housing project -- Open building and user agency: early and contemporary experiments in the Netherlands -- Public-private partnerships and medium-density housing in North Melbourne, Australia: from Hotham Gardens, 1959, to northside communities, 2021 -- Housing mid-century Irish publics: some paradigms -- Part 2. Collective types and urban areas -- Introduction to part 2: collective types and urban areas -- Section 2.1 Collective inhabitations -- Ahmedabad Pols and the transindividual -- Hidden commons: hutong inversions -- Resilient structure, collective form: residential and studio building at the former Berlin flower market -- Together! Potentials for cooperative housing and self-organisation -- Section 2.2 Living and working -- Productive morphologies and intersecting voids -- Open city/closed city -- The city within the home: Otto Steidle's Genter Strasse houses.
520 ## - SUMMARY, ETC.
Summary, etc. "Housing and the City explores housing histories, theories and projects in diverse geographies. It presents a geographically dispersed history of the twentieth century modern housing project and its social diagram, juxtaposed with case studies from the past and the present that suggest that we can live and work differently. While the contributions are diverse in their theoretical approach and geographical situation, their juxtaposition yields transversal connections in the conception of the home and the city and highlights the diversity of architectural solutions in the formation of housing and its communities. The collection of papers also yields architecture's contribution to the construction of the self and communities, the individual and the collective - as both urban spatial entities and socio-political concepts. Housing and the City provides essential reading for students, academics and practitioners interested in the history, theory or current design of housing. At a time when cities are witnessing new ways of working, changing social demographics, increased geographical mobility and mass migrations, as well as the pervasive threat of the climate crisis - all trends exacerbated by the Covid-19 pandemic - Housing and the City presents a historical and theoretical reflection on the question: what does it mean to be at home in the city in the twenty-first century?"--
Assigning source Provided by publisher.
650 #0 - SUBJECT ADDED ENTRY--TOPICAL TERM
Topical term or geographic name entry element Housing development
General subdivision History
Chronological subdivision 20th century.
650 #0 - SUBJECT ADDED ENTRY--TOPICAL TERM
Topical term or geographic name entry element Ecological houses
General subdivision Design and construction.
650 #0 - SUBJECT ADDED ENTRY--TOPICAL TERM
Topical term or geographic name entry element Cities and towns
General subdivision Growth.
650 #0 - SUBJECT ADDED ENTRY--TOPICAL TERM
Topical term or geographic name entry element Sustainable architecture.
700 1# - ADDED ENTRY--PERSONAL NAME
Personal name Borsi, Katharina,
Relator term editor.
700 1# - ADDED ENTRY--PERSONAL NAME
Personal name Ekici, Didem,
Relator term editor.
700 1# - ADDED ENTRY--PERSONAL NAME
Personal name Hale, Jonathan,
Relator term editor.
700 1# - ADDED ENTRY--PERSONAL NAME
Personal name Haynes, Nick,
Relator term editor.
776 08 - ADDITIONAL PHYSICAL FORM ENTRY
Relationship information Online version:
Title Housing and the city
Place, publisher, and date of publication London ; New York, NY : Routledge, Taylor & Francis Group, 2022
International Standard Book Number 9781003245216
Record control number (DLC) 2021057906
906 ## - LOCAL DATA ELEMENT F, LDF (RLIN)
a 7
b cbc
c orignew
d 1
e ecip
f 20
g y-gencatlg
942 ## - ADDED ENTRY ELEMENTS (KOHA)
Source of classification or shelving scheme Dewey Decimal Classification
Koha item type Books
Edition 23
Classification part 333.338
Item part H817
Call number prefix ENG
Call number suffix 2022
Suppress in OPAC No
Holdings
Withdrawn status Lost status Source of classification or shelving scheme Damaged status Not for loan Home library Current library Shelving location Date acquired Total Checkouts Full call number Barcode Date last seen Copy number Price effective from Koha item type
    Dewey Decimal Classification     Main Library Main Library Engineering Section 08/11/2025   ENG 333.338 H817 2022 029840 08/11/2025 1-1 08/11/2025 Books